QUALITATIVE AND QUANTITATIVE MODELING OF INSULIN SIGNALING PATHWAY / (Record no. 534749)
[ view plain ]
| 000 -LEADER | |
|---|---|
| fixed length control field | 00522nam a22001577a 4500 |
| 020 ## - INTERNATIONAL STANDARD BOOK NUMBER | |
| Qualifying information | Hard Cover. |
| 082 ## - DEWEY DECIMAL CLASSIFICATION NUMBER | |
| Classification number | 004 |
| 100 ## - MAIN ENTRY--PERSONAL NAME | |
| Personal name | KHAN, AZMAT ALI. |
| 245 ## - TITLE STATEMENT | |
| Title | QUALITATIVE AND QUANTITATIVE MODELING OF INSULIN SIGNALING PATHWAY / |
| Statement of responsibility, etc. | AZMAT ALI KHAN. |
| 260 ## - PUBLICATION, DISTRIBUTION, ETC. | |
| Place of publication, distribution, etc. | Islmabad : |
| Name of publisher, distributor, etc. | RCMS - NUST, |
| Date of publication, distribution, etc. | 2014. |
| 300 ## - PHYSICAL DESCRIPTION | |
| Extent | x, 52 p. ill. : |
| Dimensions | 30cm. |
| 942 ## - ADDED ENTRY ELEMENTS (KOHA) | |
| Source of classification or shelving scheme | |
| Koha item type | Thesis |
| 650 ## - SUBJECT ADDED ENTRY--TOPICAL TERM | |
| Topical term or geographic name entry element | Computional Science & Engineering - MS Thesis. |
| 700 ## - ADDED ENTRY--PERSONAL NAME | |
| Personal name | Dr. Jamil Ahmad. |
| 650 ## - SUBJECT ADDED ENTRY--TOPICAL TERM | |
| -- | 29086 |
| 700 ## - ADDED ENTRY--PERSONAL NAME | |
| -- | 20158 |
| Withdrawn status | Lost status | Source of classification or shelving scheme | Damaged status | Not for loan | Permanent Location | Current Location | Shelving location | Date acquired | Total Checkouts | Full call number | Barcode | Date last seen | Price effective from | Koha item type |
|---|---|---|---|---|---|---|---|---|---|---|---|---|---|---|
| Central Library (CL) | Central Library (CL) | Thesis | 03/19/2020 | 004 | CL-T-5616 | 03/19/2020 | 03/19/2020 | Thesis |
